Normal view MARC view

Entry Personal Name

Number of records used in: 1

001 - CONTROL NUMBER

  • control field: 18227

003 - CONTROL NUMBER IDENTIFIER

  • control field: OSt

005 - DATE AND TIME OF LATEST TRANSACTION

  • control field: 20211115090244.0

008 - FIXED-LENGTH DATA ELEMENTS

  • fixed length control field: 211115|| aca||aabn | a|a d

040 ## - CATALOGING SOURCE

  • Original cataloging agency: OSt
  • Transcribing agency: OSt

100 ## - HEADING--PERSONAL NAME

  • Personal name: Iyengar, G. V.
  • Fuller form of name: (Govindaraja V.)

670 ## - SOURCE DATA FOUND

  • Source citation: Work cat.: (OSt)18097: Iyengar, G. V. (Govindaraja V.), Element analysis of biological samples :, c1998.